LEADER 01205nas 2200421 c 450 001 9910894875803321 005 20260218111158.0 035 $a(CKB)3790000000118597 035 $a(DE-599)ZDB2562609-7 035 $a(OCoLC)785846551 035 $a(DE-101)1004219121 035 $a(DE-599)2562609-7 035 $a(EXLCZ)993790000000118597 100 $a20100707b19331933 |y | 101 0 $ager 135 $aur||||||||||| 181 $ctxt$2rdacontent 182 $cc$2rdamedia 183 $acr$2rdacarrier 200 00$aHakenkreuz über Deutschland$fHrsg.: Internationale Transportarbeiterföderation 210 31$aAmsterdam$d1933-1933 215 $aOnline-Ressource 517 $aHakenkreuz über Deutschland / Hrsg 517 3 $aZeitschriften der Internationalen Transportarbeiterfo?deration 608 $aZeitschrift$2gnd-content 676 $a070 676 $a380 676 $a330 676 $a360 686 $a3,61$2ssgn 712 02$aInternationale Transportarbeiter-Fo?deration$4isb 801 0$b3238 801 1$bDE-101 801 2$b9999 906 $aJOURNAL 912 $a9910894875803321 996 $aHakenkreuz u?ber Deutschland$94261527 997 $aUNINA